Obst/Gemüse-Variationen #1 - Statistiken

Allgemein
  • Dieses Quiz wurde 6.497 mal gespielt
    6.363 seit der letzten Aktualisierung
  • Das Durchschnittsergebnis liegt bei 11 aus 15
Antwortstatistiken
Varianten # Obst/Gemüse % Korrekt
Cantaloupe-, Wasser-, Honig- M Melone
98%
Fleisch-, Kirsch-, San-Marzano- T Tomate
96%
Granny Smith, Pink Lady, Boskop A Apfel
94%
Spitz-, Blumen-, China- K Kohl
91%
Eisberg-, Endivien-, Radicchio S Salat
91%
Hokkaido-, Butternut-, Ghost Rider K Kürbis
84%
Blut-, Jaffa-, Bitter- O Orange
84%
Habanero, Chipotle, Carolina Reaper C Chili
79%
Merlot, Chardonnay, Riesling W Weintraube
79%
Williams Christ, Bürgermeister- (Köstliche aus Charneux), Gute Luise B Birne
78%
Horn-, Spitz-, Kirsch- P Paprika
72%
Schattenmorelle, Werdersche Braune, Regina K Kirsche
62%
Linda, Annabelle, Gala K Kartoffel
52%
Elvira, Wald-, Mieze Schindler E Erdbeere
49%
Kuroda, Ochsenherz, Totem K Karotte
40%
Keine übereinstimmenden Quizze gefunden
Verteilung der Resultate
Anzahl Personen mit jedem Resultat
Perzentil nach korrekt beantworteten Fragen
Ihre Resultats-Entwicklung
Sie haben dieses Quiz seit der letzten Aktualisierung nicht gespielt